| 000 | 00482cam a2200193ua 4500 | ||
|---|---|---|---|
| 001 | 1161 | ||
| 008 | 110610n ii |||gr||||Z||||||eng | ||
| 040 | _cMAIN | ||
| 082 | _a331 | ||
| 245 | 1 | 0 |
_aLabour problems and social welfare _cby R.C. Saxena |
| 250 | _a15th ed. | ||
| 260 |
_aMeerut: _bK. Nath & Co.,986. |
||
| 300 |
_axii, 988p.: _c35cm. |
||
| 653 | _aEconomics | ||
| 653 | _aLabour economics | ||
| 653 | _aLabour problems | ||
| 700 | 1 |
_aSaxena, R.C., _eAuthor. |
|
| 942 | _cBK | ||
| 999 |
_c1071 _d1071 |
||